|
|
|
|
| LEADER |
00626nab a2200193 i 4500 |
| 001 |
tisza9691 |
| 005 |
20200330134431.0 |
| 008 |
170612s1977 hu o 0|| hun d |
| 022 |
|
|
|a 0133-1167
|
| 040 |
|
|
|a SZTE Tiszatáj Archívum
|b hun
|
| 041 |
|
|
|a hun
|
| 100 |
1 |
|
|a Valev Ivan
|
| 245 |
1 |
0 |
|a Ha nem leszek... ; Ha felülkerekedik a rettegés
|h [elektronikus dokumentum] :
|b [versek] /
|c Valev Ivan
|
| 260 |
|
|
|c 1977
|
| 300 |
|
|
|a 42-43
|
| 490 |
0 |
|
|a Tiszatáj
|v 31 No. 9
|
| 695 |
|
|
|a Bolgár irodalom - vers
|
| 700 |
0 |
1 |
|a Kiss Benedek
|
| 856 |
4 |
0 |
|u http://tiszataj.bibl.u-szeged.hu/9691/1/tiszataj_1977_009_042-043.pdf
|z Dokumentum-elérés
|